La guerra y el derecho
Guardat en:
| Autors principals: | , |
|---|---|
| Altres autors: | |
| Format: | Llibre |
| Idioma: | espanyol |
| Publicat: |
Valparaíso
Escuela de Negocios de Valparaíso. Fundación Adolfo Ibañez
1981
|
| Matèries: | |
| Etiquetes: |
Afegir etiqueta
Sense etiquetes, Sigues el primer a etiquetar aquest registre!
|
MARC
| LEADER | 00000nam a2200000 a 4500 | ||
|---|---|---|---|
| 001 | UCZ0986 | ||
| 003 | CL-VaPUC | ||
| 008 | 950810e19810000CL |||||||||||||||||spa|d | ||
| 082 | 0 | 4 | |a 355.001 |b LIR |2 21 |
| 100 | |a Lira Pérez, Osvaldo |e autor |9 314960 | ||
| 700 | |a Durán Villarreal, Fernando |e autor |9 886084 | ||
| 700 | 0 | |a Guzmán, Eugenio |e author |9 344317 | |
| 245 | 1 | 3 | |a La guerra y el derecho |
| 300 | |a 87 p | ||
| 942 | |c BK | ||
| 945 | |d 19950810 00:00:00 |a rbrito | ||
| 260 | |a Valparaíso |b Escuela de Negocios de Valparaíso. Fundación Adolfo Ibañez |c 1981 | ||
| 650 | 0 | |a Guerra |9 255876 | |
| 650 | 0 | |a Filosofía |9 223554 | |
| 650 | 7 | |a DERECHO |2 CL-VaPUC |9 344318 | |
| 583 | |a last modification |c 20130328 13:31:36 |k Rodrigo Vera | ||
| 999 | |c 237844 |d 237842 | ||
| 952 | |0 0 |1 0 |4 0 |6 355_001000000000000_LIR_1981 |7 0 |8 A |9 247565 |a BIBHIS |b BIBHIS |d 2019-11-18 |i 3119114 |o 355.001 LIR 1981 |p 3119114 |r 2025-01-20 |w 2019-11-18 |y BK |k HIS | ||
| 952 | |0 0 |1 0 |4 0 |6 355_001000000000000_LIR_1981 |7 0 |8 A |9 247566 |a BIBDER |b BIBDER |d 2019-11-18 |i 1822497 |o 355.001 LIR 1981 |p 1822497 |r 2023-01-25 |w 2019-11-18 |y BK |k DER | ||